[Event "Barcelona op rap"]
[Site "Barcelona"]
[Date "1996.12.14"]
[Round "2"]
[White "Gonzalez Rodriguez, Jorge Armando"]
[Black "Serra Santaeulalia, Rafael"]
[Result "1-0"]
[WhiteElo "2350"]
[BlackElo "2095"]
[PlyCount "73"]
[EventDate "1996.12.??"]
[EventType "swiss (rapid)"]
[EventRounds "8"]
[EventCountry "ESP"]
[SourceTitle "EXT 2001"]
[Source "ChessBase"]
[SourceDate "2000.11.22"]
[SourceVersion "1"]
[SourceVersionDate "2000.11.22"]
[SourceQuality "1"]

1. d4 Nf6 2. c4 e5 3. dxe5 Ng4 4. Nf3 Bc5 5. e3 Nc6 6. Be2 Ngxe5 7. Nxe5 Nxe5 8. 0-0 d6 9. b3 0-0 10. Bb2 Qh4 11. Nd2 Bg4 12. Bxg4 Nxg4 13. Nf3 Qh5 14. h3 Ne5 15. Nxe5 Qxd1 16. Raxd1 dxe5 17. Bxe5 Bb6 18. Rd7 Rac8 19. Rfd1 f6 20. Bg3 Rfe8 21. b4 c5 22. b5 Rcd8 23. Rxd8 Rxd8 24. Rxd8+ Bxd8 25. Bd6 Bb6 26. f4 Kf7 27. f5 Ke8 28. Kf2 g6 29. fxg6 hxg6 30. h4 Kd7 31. Bb8 a6 32. bxa6 bxa6 33. g4 Ke6 34. Kf3 Ba5 35. h5 gxh5 36. gxh5 Bc3 37. Kg4 1-0

[Event "Barcelona op rap"]
[Site "Barcelona"]
[Date "1996.12.14"]
[Round "3"]
[White "Serra Santaeulalia, Rafael"]
[Black "Cotes Martinez, Joan"]
[Result "1-0"]
[WhiteElo "2080"]
[BlackElo "1885"]
[PlyCount "61"]
[EventDate "1996.12.??"]
[EventType "swiss (rapid)"]
[EventRounds "8"]
[EventCountry "ESP"]
[SourceTitle "EXT 2001"]
[Source "ChessBase"]
[SourceDate "2000.11.22"]
[SourceVersion "1"]
[SourceVersionDate "2000.11.22"]
[SourceQuality "1"]

1. d4 Nf6 2. c4 c5 3. d5 b5 4. e3 g6 5. Nf3 Bg7 6. cxb5 a6 7. Nc3 0-0 8. bxa6 Bxa6 9. Bxa6 Nxa6 10. 0-0 d6 11. Bd2 Nc7 12. e4 Qd7 13. h3 Rfb8 14. Qc2 Nb5 15. Nxb5 Rxb5 16. Bc3 Nh5 17. a4 Rb7 18. Bxg7 Kxg7 19. a5 Rba7 20. Rfe1 f6 21. Qc3 Kg8 22. b4 cxb4 23. Qxb4 Rb7 24. Qd4 Ra6 25. Kh2 Rba7 26. Qb4 Nf4 27. Nd4 Nd3 28. Qb8+ Kg7 29. Ne6+ Kh6 30. Qf8+ Kh5 31. g4+ 1-0